书目信息 |
| 题名: |
智者也疯狂
|
|
| 作者: | 德罗瓦, , 德托纳克, 著 ;桂裕芳 译 | |
| 分册: | ||
| 出版信息: | 北京 人民文学出版社 2005.08 |
|
| 页数: | 10, 187页 | |
| 开本: | 20cm | |
| 丛书名: | 思想家逸闻丛书 | |
| 单 册: | ||
| 中图分类: | B-49 | |
| 科图分类: | ||
| 主题词: | 哲学--zhe xue--通俗读物 | |
| 电子资源: | ||
| ISBN: | 7-02-005178-2 | |
| 000 | 01251nam 2200301 450 | |
| 001 | 012006914386 | |
| 005 | 20060912160611.09 | |
| 010 | @a7-02-005178-2@dCNY13.00 | |
| 100 | @a20060621d2005 km y0chiy0120 ea | |
| 101 | 1 | @achi@cfre |
| 102 | @aCN@b110000 | |
| 105 | @ay z 000yy | |
| 200 | 1 | @a智者也疯狂@Azhi zhe ye feng kuang@f(法) 罗歇-波尔·德罗瓦, 让-菲利普·德托纳克著@F(fa)luo xie-bo er·de luo wa,rang-fei li pu·de tuo na ke zhu@g桂裕芳译@Ggui yu fang yi |
| 210 | @a北京@c人民文学出版社@d2005.08 | |
| 215 | @a10, 187页@d20cm | |
| 225 | 2 | @a思想家逸闻丛书@Asi xiang jia yi wen cong shu |
| 306 | @a傅雷出版资助计划 由法国外交部资助出版 | |
| 312 | @a法文并列题名取自版权页。 | |
| 330 | @a本书讲述了从古希腊哲学家泰勒斯到哲学家达马斯基奥斯等四十三位大思想家的“小故事”,从一个个细小的视角让读者领略到人类哲学思维那多姿多彩却又布满荆棘的历史进程。 | |
| 410 | 0 | @12001 @a思想家逸闻丛书 |
| 510 | 1 | @aFous comme des sages@zfre |
| 606 | 0 | @a哲学@Azhe xue@j通俗读物 |
| 690 | @aB-49@v4 | |
| 701 | 1 | @a德罗瓦,@Ade luo wa,@bR. P.@g(Droit, Roger-Pol)@4著 |
| 701 | 1 | @a德托纳克,@Ade tuo na ke,@bJ. P.@g(De Tonnac, Jean-Philippe)@4著 |
| 702 | 0 | @a桂裕芳@Agui yu fang@4译 |
| 801 | 0 | @aCN@bQSSK@c20060912 |
| 905 | @a10447@dB-49@eD217 | |
| 智者也疯狂/(法) 罗歇-波尔·德罗瓦, 让-菲利普·德托纳克著/桂裕芳译.-北京:人民文学出版社,2005.08 |
| 10, 187页;20cm.-(思想家逸闻丛书) |
| ISBN 7-02-005178-2:CNY13.00 |
| 本书讲述了从古希腊哲学家泰勒斯到哲学家达马斯基奥斯等四十三位大思想家的“小故事”,从一个个细小的视角让读者领略到人类哲学思维那多姿多彩却又布满荆棘的历史进程。 |
| ● |
| 相关链接 |
|
|
|
正题名:智者也疯狂
索取号:B-49/D217
 
预约/预借
| 序号 | 登录号 | 条形码 | 馆藏地/架位号 | 状态 | 备注 |
| 1 | 590506 | 205905065 | 社科库509/509社科库 6排3列2层/ [索取号:B-49/D217] | 在馆 | |
| 2 | 590507 | 205905074 | 社科库509/509社科库 6排3列2层/ [索取号:B-49/D217] | 在馆 | |
| 3 | 590508 | 205905083 | 社科库509/422社科库 26排3列6层/ [索取号:B-49/D217] | 在馆 |